[Event "7th Uppsala Young Champions"]
[Site "Uppsala"]
[Date "2020.10.24"]
[Round "2.19"]
[White "Skahlberg Bjerknes-Lima de Far, Warg"]
[Black "Ostlund, Joar"]
[Result "0-1"]
[WhiteElo "1759"]
[BlackElo "2106"]
[Annotator "TA"]
[PlyCount "106"]
[EventDate "2020.10.23"]
[EventType "swiss"]
[EventCountry "SWE"]
[SourceTitle "playchess.com"]
[Source "ChessBase"]
[SourceQuality "1"]

{[%evp 9,106,-35,-28,-28,-26,-33,-26,-23,-26,-21,-35,-61,-39,-54,0,0,-2,-10,0,0,0,0,0,0,1,3,29,-55,-52,-58,-51,-47,-43,-22,-14,-55,-5,-18,0,0,0,-93,-118,-130,-92,-112,-112,-116,-118,-137,-113,-185,-183,-175,-180,-265,-302,-527,-518,-450,-526,-507,-516,-788,-421,-732,-712,-766,-738,-1291,-1193,-29968,-29969,-29969,-29970,-29971,-29972,-29975,-29976,-29977,-29979,-29973,-29968,-29966,-29967,-29961,-29962,-29978,-29979,-29984,-29984,-29985,-29984,-29986,-29985,-29986,-29987,-29986,-29987]} 1. c4 e6 2. Nf3 d5 3. b3 d4 4. d3 c5 5. g3 Nc6 6. Bg2 {A13: English Opening: 1...e6.} Bd6 7. O-O e5 8. Na3 {Black has an edge.} Nf6 9. Nc2 O-O 10. a3 Re8 {[#]} 11. Rb1 $146 ({Predecessor:} 11. e4 a6 12. Nh4 b5 13. f4 bxc4 14. bxc4 Rb8 15. fxe5 Bxe5 16. Nf3 Bg4 17. Nce1 {0-1 (30) Romanov,E (2599)-Sakaev,K (2596) Lipetsk 2020}) 11... Qe7 (11... a5 $15) 12. Bg5 $11 a5 13. Nd2 h6 14. Bxf6 $1 Qxf6 15. Ne4 Qe7 16. Nxd6 Qxd6 17. Qd2 Bf5 18. Rb2 ({White should try} 18. b4 $11) 18... e4 $15 19. b4 axb4 20. axb4 exd3 21. exd3 cxb4 22. Nxb4 Ra3 {White must now prevent ...Nxb4.} 23. h4 Rc3 24. Nxc6 bxc6 25. Rb6 (25. Re1 $1 $11 Re6 26. Bf1) 25... Rc8 {White is on the road to losing.} 26. Rc1 Qc5 ({Much weaker is} 26... Bxd3 $6 27. Rxc3 dxc3 28. Qxc3 $11) 27. Ra6 Rxc1+ {[%mdl 64] [#] Overworked Piece} 28. Qxc1 Bxd3 29. Qe1 Kf8 30. Bh3 (30. Qa1 $17) 30... Re8 $36 {[%mdl 2048] Black is on the roll.} 31. Qc1 Be4 32. Bd7 (32. Bg2 $142) 32... Rd8 33. Qf4 $2 (33. Bg4 {is a better defense.}) 33... Qxc4 ({Inferior is} 33... Rxd7 34. Ra8+ Ke7 35. Qxe4+ Kd6 36. Qe8 $11) 34. Ra1 {[#] aiming for Qc7!} Qd5 35. Bg4 d3 36. Re1 (36. Bd1 $142 d2 37. Ra3) 36... Bg6 37. Qb4+ (37. Bd1 $142) 37... c5 {[%cal Bc6c5,Bc5c4,Bc4c3][%mdl 32]} 38. Qd2 Kg8 39. Rd1 Bf5 40. Qf4 Bxg4 {Black mates.} 41. Qxg4 {[%mdl 4096] Endgame KQR-KQR} d2 42. Qf4 c4 43. Qe3 Qd4 44. Qxd4 Rxd4 {KR-KR} 45. Kf1 c3 46. Ke2 Re4+ 47. Kd3 Re1 48. Kc2 Rxd1 49. Kxd1 Kf8 50. Ke2 Ke7 51. g4 Ke6 52. f4 Kd5 53. f5 Ke4 {Av CentiPawn Loss W=-59/B=-13. Weighted=-52/-18} 0-1

[Event "7th Uppsala Young Champions"]
[Site "Uppsala"]
[Date "2020.10.24"]
[Round "2.20"]
[White "Johnson, Daniel"]
[Black "Buchert, Matthaus"]
[Result "1-0"]
[WhiteElo "2100"]
[BlackElo "1427"]
[Annotator "TA"]
[PlyCount "39"]
[EventDate "2020.10.23"]
[EventType "swiss"]
[EventCountry "SWE"]
[SourceTitle "playchess.com"]
[Source "ChessBase"]
[SourceQuality "1"]

{[%evp 14,39,-7,-30,-12,-43,0,-27,32,0,179,168,249,250,520,507,558,381,381,241,745,738,751,757,749,722,29992,1659]} 1. e4 c5 2. Nf3 Nc6 3. Bb5 g6 4. O-O Bg7 5. c3 e5 6. Na3 Nge7 7. Re1 O-O 8. Nc2 a6 {B31: Sicilian: 2...Nc6 3 Bb5 g6.} 9. Bf1 (9. Bxc6 $5 Nxc6 10. d4 $11) 9... Qc7 10. d4 d6 {[#]} (10... cxd4 $11 11. cxd4 exd4) 11. Be3 $146 ({Predecessor:} 11. dxc5 dxc5 12. Ne3 Rd8 13. Qe2 h6 14. g3 Be6 15. h4 b5 16. h5 Kh7 17. Bg2 {½-½ (28) Lucena,L (2249)-Karlsson,L (2470) Skelleftea 1999}) 11... f5 $2 {[#]} (11... exd4 $11 {and Black has nothing to worry.} 12. cxd4 Bg4) 12. dxc5 $18 Rd8 (12... dxc5 $142 13. Bxc5 Rd8) 13. Bc4+ Kh8 $2 (13... Kf8 14. cxd6 Rxd6) 14. Ng5 Na5 15. Nf7+ Kg8 16. cxd6 Rxd6 $2 (16... Nxc4 17. Nxd8 (17. dxc7 Rxd1 18. Raxd1 Kxf7 $16) (17. dxe7 Re8 $16) 17... Nxd6) 17. Qxd6 Qxc4 18. Qxe7 {Threatening mate with Nh6+.} Qxf7 19. Qd8+ {[%mdl 64] [#] Double Attack} Qe8 20. Qxe8+ {Black did not feel at home in the position after the opening. Av CentiPawn Loss W=-121/B=-220. Weighted=-80/-181} 1-0

[Event "7th Uppsala Young Champions"]
[Site "Uppsala"]
[Date "2020.10.24"]
[Round "3.1"]
[White "Pantzar, Milton"]
[Black "Van Dael, Siem"]
[Result "*"]
[WhiteElo "2410"]
[BlackElo "2285"]
[Annotator "TA"]
[PlyCount "23"]
[EventDate "2020.10.23"]
[EventType "swiss"]
[EventCountry "SWE"]
[SourceTitle "playchess.com"]
[Source "ChessBase"]
[SourceQuality "1"]

{[%evp 9,23,22,37,22,38,25,57,61,92,28,25,-29,25,0,5,0]} 1. d4 {Ribli,Z} g6 2. c4 Bg7 3. e4 d6 4. Nc3 Nc6 5. Nf3 Bg4 6. d5 {A42: Modern Defence: Averbakh Variation.} Ne5 7. Be3 Bxf3 8. gxf3 {White is slightly better.} c5 9. dxc6 (9. f4 $16 Nd7 10. Qb3) 9... Nxc6 $11 {[#]} 10. Be2 $146 (10. Qb3 $142) ({Predecessor:} 10. Qb3 Nd4 11. Qa4+ Nc6 12. Rd1 Bxc3+ 13. bxc3 Qc7 14. Bf4 Qa5 15. Qxa5 Nxa5 16. c5 dxc5 {1-0 (82) Xu,J (2655)-Tkachiev,V (2642) Shanghai 2001 CBM 085 [Ribli,Z]}) 10... Nf6 (10... Bxc3+ $142 11. bxc3 Nf6) 11. O-O O-O 12. Qd2 *

[Event "7th Uppsala Young Champions"]
[Site "Uppsala"]
[Date "2020.10.24"]
[Round "3.1"]
[White "Pantzar, Milton"]
[Black "Van Dael, Siem"]
[Result "1-0"]
[WhiteElo "2410"]
[BlackElo "2285"]
[Annotator "TA"]
[PlyCount "37"]
[EventDate "2020.10.23"]
[EventType "swiss"]
[EventCountry "SWE"]
[SourceTitle "playchess.com"]
[Source "ChessBase"]
[SourceQuality "1"]

{[%evp 9,37,20,29,29,21,25,32,20,29,29,36,-38,12,0,0,0,20,33,44,50,42,0,210,205,193,186,192,195,191,162]} 1. d4 g6 2. c4 Bg7 3. e4 d6 4. Nc3 Nc6 5. Nf3 Bg4 6. d5 {A42: Modern Defence: Averbakh Variation.} Nd4 7. Be3 Bxf3 8. gxf3 {White is slightly better.} c5 9. dxc6 Nxc6 10. Be2 (10. Qb3 $14) 10... Nf6 (10... Bxc3+ $5 11. bxc3 Nf6 $11) 11. O-O O-O {[#]} 12. Qd2 $146 ({Predecessor:} 12. Rc1 e6 13. c5 d5 14. Bg5 h6 15. Bh4 a6 16. exd5 exd5 17. f4 d4 18. Na4 {0-1 (34) Letelier Martner,R (2235)-Tempone,M (2460) Mar del Plata 1995}) 12... Qa5 13. Rfd1 Qh5 14. Kg2 Rac8 15. Nd5 {[%cal Bc3d5,Bd5e7,Be7c8][%mdl 32]} Nd7 $2 {[#]} (15... e5 $11 {and Black has nothing to worry.}) 16. Bg5 $1 $18 {And now f4 would win.White is clearly better.} Nd4 17. Nxe7+ Kh8 18. Nxc8 Nxe2 19. Be3 {Av CentiPawn Loss W=-10/B=-24. Weighted=-9/-23} ({Inferior is} 19. Nxa7 Nd4 $17) 1-0

[Event "7th Uppsala Young Champions"]
[Site "Uppsala"]
[Date "2020.10.24"]
[Round "3.2"]
[White "Radeva, Viktoria"]
[Black "Kucuksari, Kaan"]
[Result "*"]
[WhiteElo "2263"]
[BlackElo "2384"]
[Annotator "TA"]
[PlyCount "24"]
[EventDate "2020.10.23"]
[EventType "swiss"]
[EventCountry "SWE"]
[SourceTitle "playchess.com"]
[Source "ChessBase"]
[SourceQuality "1"]

{[%evp 9,9,6]} 1. e4 e6 2. Nc3 d5 3. Nf3 Nf6 4. e5 Ne4 5. Be2 {[#] An uneventful encounter.} {Predecessor:} c5 $146 6. O-O {C00: French: Unusual White 2nd moves.} Nc6 7. Na4 Ng5 8. Nxg5 Qxg5 9. Nxc5 Qxe5 10. Nb3 Qc7 11. d4 Bd6 12. f4 b6 {0-1 (61) Cruz,J (2443)-Diaz Camallonga,C (2337) Mollet del Valles 2016} *

[Event "7th Uppsala Young Champions"]
[Site "Uppsala"]
[Date "2020.10.24"]
[Round "3.2"]
[White "Radeva, Viktoria"]
[Black "Kucuksari, Kaan"]
[Result "1/2-1/2"]
[WhiteElo "2263"]
[BlackElo "2384"]
[Annotator "TA"]
[PlyCount "109"]
[EventDate "2020.10.23"]
[EventType "swiss"]
[EventCountry "SWE"]
[SourceTitle "playchess.com"]
[Source "ChessBase"]
[SourceQuality "1"]

{[%evp 9,109,25,13,17,25,13,21,0,0,-16,-12,-18,59,-12,48,60,44,58,62,60,67,48,98,57,127,131,126,114,329,222,209,184,257,239,269,264,259,273,266,246,228,53,61,65,60,68,56,50,93,8,86,28,35,29,29,29,29,30,31,29,37,28,48,68,71,11,11,14,11,11,10,9,6,0,869,-6061,0,0,16,16,16,16,20,20,20,20,20,20,20,20,20,20,20,20,20,20,20,20,20,20,20,16]} 1. e4 c6 2. Nc3 d5 3. Nf3 Nf6 4. e5 Ne4 5. Ne2 Qb6 {[%csl Ge4][%cal Rb6f2]} 6. d4 {B11: Caro-Kann: Two Knights Variation.} e6 7. Ng3 c5 8. Bd3 $1 {The main line 8.Bd3 scores better than 8.c3.} Nxg3 $1 9. fxg3 Nc6 10. O-O Be7 (10... cxd4 $11 11. Qd2 Bd7) 11. a3 (11. dxc5 $1 $14 Bxc5+ 12. Kh1) 11... Bd7 (11... cxd4 $11 12. b4 a6) 12. dxc5 $1 $14 Qxc5+ 13. Kh1 {[#]} a6 $146 ({Predecessor:} 13... O-O-O 14. b4 Qb6 15. Qe2 f6 16. c4 dxc4 17. Bxc4 fxe5 18. Be3 Nd4 19. Qb2 Bf6 {½-½ (74) Ongut,T (2164)-Sernecki,F (2285) Budapest 2019}) 14. b4 Qb6 15. Qe2 h6 16. g4 g5 (16... Nd8 $14) 17. Be3 $36 {[%mdl 2048] Black is under strong pressure.} Qc7 18. Qf2 O-O-O $2 (18... d4 $16 19. Bxd4 (19. Nxd4 Nxe5 20. Rae1 Rc8 $11) 19... Nxd4) 19. Bb6 Qb8 20. c4 h5 (20... dxc4 $142 21. Bxc4 (21. Bxd8 Bxd8 22. Bxc4 h5 $16) 21... h5) 21. b5 $18 hxg4 22. bxc6 Bxc6 23. Bxd8 Bxd8 24. cxd5 Bxd5 25. Qc5+ $2 (25. Rac1+ $18 Kd7 26. Bc4 gxf3 27. Bxd5 Qxe5 28. g3 (28. Bc6+ bxc6 29. g3 g4 $14) 28... exd5 29. Rfe1 (29. Qxf3 Qe4 $16)) 25... Qc7 $14 26. Qxc7+ Bxc7 27. Nxg5 Bxe5 28. Rac1+ Kb8 29. h3 (29. Nxf7 {leads to mate.} Rxh2+ 30. Kg1 Rxg2+ 31. Kh1 Rc2+ 32. Be4 Bxe4+ 33. Rf3 Bxf3+ 34. Kg1 Bd4+ 35. Kf1 Rxc1#) (29. Bh7 $16 f6 30. Nf7 Rxh7 {[%mdl 64] Double Attack} 31. Nxe5 fxe5 32. Rf8+ Ka7 33. Rg8) 29... Rh5 {[#]} (29... f6 $11 {remains equal.} 30. Be4 fxg5 31. Bxd5 exd5) 30. Be4 (30. Be2 $1 $16) 30... gxh3 $11 31. gxh3 Rxg5 32. Bxd5 exd5 33. Rxf7 {[%mdl 4096] Endgame KRR-KRB} Rg3 34. Rh7 Rxa3 35. Rb1 b5 {[%cal Bb7b5,Bb5b4,Bb4b3][%mdl 32]} 36. Kg2 {[%mdl 1024] White has compensation.} Rc3 {[#]} 37. Re1 (37. h4 $1 $16) 37... Bc7 38. h4 b4 39. h5 {h6 is the strong threat.} b3 40. h6 {Strongly threatening Rg7.} b2 41. Rf7 {And now h7 would win.} Rb3 $2 {[%mdl 8192]} (41... Be5 $11 42. h7 Bh8) 42. Kf2 $4 {[%mdl 8192]} (42. h7 $18 Rg3+ 43. Kf1) 42... Rh3 $2 (42... Bg3+ $19 43. Kg1 Bxe1) 43. Rb1 {The position is equal.} Rxh6 44. Rxb2+ Kc8 {Hoping for ...Rh2+.} 45. Ke3 {Threatens to win with Rc2.} Rh4 46. Rc2 Rc4 47. Rxc4 dxc4 {KR-KB} 48. Kd4 Kb7 49. Kxc4 Kc6 50. Rf6+ Bd6 51. Kb3 Kc5 52. Ka4 Bc7 53. Rxa6 Bd6 54. Ra8 Be5 55. Ra5+ {Av CentiPawn Loss W=-34/B=-55. Weighted=-66/-122} 1/2-1/2

[Event "7th Uppsala Young Champions"]
[Site "Uppsala"]
[Date "2020.10.24"]
[Round "3.3"]
[White "Kusa, Jakub"]
[Black "Stefansson, Vignir Vatnar"]
[Result "1-0"]
[WhiteElo "2233"]
[BlackElo "2313"]
[Annotator "TA"]
[PlyCount "111"]
[EventDate "2020.10.23"]
[EventType "swiss"]
[EventCountry "SWE"]
[SourceTitle "playchess.com"]
[Source "ChessBase"]
[SourceQuality "1"]

{[%evp 10,111,56,41,53,30,51,34,39,41,37,34,38,34,43,34,37,0,62,62,77,23,30,38,35,16,26,30,29,30,25,27,42,-16,-22,-20,0,0,22,25,20,16,37,12,29,0,0,0,16,30,87,52,92,83,87,85,142,142,191,189,238,240,246,239,238,224,233,220,213,204,201,208,226,208,284,284,303,275,247,220,234,197,216,199,186,183,361,146,146,139,146,155,125,134,320,296,351,347,354,343,360,243,329,314]} 1. e4 d5 2. exd5 Qxd5 3. Nc3 Qd6 4. d4 Nf6 5. Nf3 c6 6. Ne5 Nbd7 {B01: Scandinavian Defence.} 7. Nc4 Qc7 8. Qf3 Nb6 {White is slightly better.} 9. Bf4 Qd7 {9...Qd7 is better than 9...Qd8.} 10. Nxb6 axb6 11. O-O-O e6 12. Bc4 Nd5 {[#]} 13. Bg3 $146 ({Predecessor:} 13. h4 Bb4 14. Ne4 O-O 15. Kb1 b5 16. Bb3 b6 17. h5 f5 18. Ng5 h6 19. Nh3 {1-0 (33) Korneev,O (2545)-Stefansson,V (2248) Hastings 2019}) 13... Bb4 (13... Be7 $11) 14. Nxd5 $14 exd5 15. Bb3 ({Better is} 15. Rde1+ $16 Bxe1 16. Rxe1+ Kf8 17. Qe2) 15... O-O $11 16. c3 Be7 17. Rhe1 Bg5+ 18. Bf4 Qf5 19. Bxg5 Qxg5+ 20. Re3 Be6 21. Rde1 (21. a3 $14) 21... c5 $1 22. a3 b5 23. Kb1 Bf5+ 24. Ka2 c4 25. Bd1 {[#] Strongly threatening Re5.} Be4 26. Qg3 Qd8 27. f3 Bd3 28. Qf2 Qb6 29. Qd2 h6 (29... Qh6 $11) 30. Re5 Rfd8 31. Re7 b4 32. cxb4 Qxd4 (32... Rdc8 $142) 33. Bc2 $16 b5 34. R7e3 Rac8 35. Bxd3 cxd3 36. Rxd3 ({Don't do} 36. Qxd3 $6 Qc4+ 37. Qxc4 dxc4 $16) 36... Qc4+ 37. Kb1 Qh4 38. g3 Qh5 39. f4 f6 40. Qe2 Qg6 {...Re8 is the strong threat.} 41. Red1 Qf5 42. Ka2 Rc4 43. Qe7 Rd7 44. Qe8+ Kh7 45. Qe3 Rd6 46. Rd4 Rxd4 47. Rxd4 $18 {[%mdl 4096] Endgame KQR-KQR} ({But not} 47. Qxd4 Kg8 $16) 47... h5 $2 (47... Qd7 {might work better.} 48. g4 Kg8) 48. Qd3 (48. Qe2 $18 {and White stays clearly on top.}) 48... Qxd3 $16 49. Rxd3 {KR-KR} d4 50. Kb1 Kg6 51. Kc2 Re6 $2 {This costs Black the game.} (51... h4 $16 52. gxh4 Kf5) 52. Kd2 Rd6 53. Rf3 Kf5 {[#]} 54. Kd3 $1 Rc6 55. Rf2 h4 56. gxh4 {Av CentiPawn Loss W=-16/B=-22. Weighted=-16/-22} ({Weaker is} 56. Kxd4 hxg3 57. hxg3 Kg4 $16) 1-0

[Event "7th Uppsala Young Champions"]
[Site "Uppsala"]
[Date "2020.10.24"]
[Round "3.4"]
[White "Urh, Zala"]
[Black "Storme, Isak"]
[Result "0-1"]
[WhiteElo "2195"]
[BlackElo "2393"]
[Annotator "TA"]
[PlyCount "58"]
[EventDate "2020.10.23"]
[EventType "swiss"]
[EventCountry "SWE"]
[SourceTitle "playchess.com"]
[Source "ChessBase"]
[SourceQuality "1"]

{[%evp 19,58,18,47,0,0,0,20,-33,-20,-39,0,0,0,0,0,0,0,0,6,0,0,0,21,27,12,-70,-51,-65,-67,-302,-293,-289,-294,-2535,-833,-6570,847,-742,-634,-930,-821]} 1. d4 Nf6 2. c4 g6 3. Nc3 d5 4. cxd5 Nxd5 5. e4 Nxc3 6. bxc3 Bg7 7. Bc4 c5 8. Ne2 Nc6 9. Be3 O-O 10. O-O b6 11. Qd2 {D87: Exchange Grünfeld: Classical Line: Variations without ...cxd4.} Bb7 12. Rac1 {12.Rfd1 is the modern continuation.} Rc8 13. h4 {[#]} ({White should play} 13. Bb5 $11) 13... e6 $146 ({Predecessor:} 13... Qd7 14. h5 Rfd8 15. hxg6 hxg6 16. Bb5 e6 17. Rfd1 a6 18. Bxc6 Bxc6 19. f3 Ba4 {0-1 (36) Alivodic,D (2055)-Shafi,D (2158) chess.com INT 2020}) 14. h5 cxd4 15. cxd4 Qh4 16. h6 Bf6 17. Bd3 Rcd8 18. Qc3 Rd7 19. Rfd1 Rfd8 20. Bb5 Rd6 21. f3 Bg5 22. Ba4 (22. Qa3 $11) 22... Bxh6 $15 23. Bxh6 Qxh6 24. e5 $2 {[#]} ({White should try} 24. f4 $15) 24... Nxd4 $1 $19 {[%mdl 512]} 25. Rxd4 Rxd4 26. Qxd4 $2 (26. Nxd4 Rxd4 27. Qxd4 Qxc1+ 28. Kf2) 26... Qxc1+ (26... Rxd4 $142 27. Rc8+ Bxc8 28. Nxd4 Qe3+ {[%mdl 64] Double Attack} 29. Kh2 Qxd4) 27. Kh2 Bd5 $4 {[%mdl 8192]} (27... Qh6+ $19 28. Kg3 Rxd4 29. Nxd4 Qg5+ {[%mdl 64] Double Attack} 30. Kf2 Qd2+ 31. Kg3 Qxd4) 28. Bb5 $4 {[%mdl 8192]} (28. Nxc1 $18 Rc8 29. Qd2) 28... Qc5 29. Qa4 {[#]} Bxa2 $1 {Av CentiPawn Loss W=-196/B=-122. Weighted=-222/-174} 0-1

[Event "7th Uppsala Young Champions"]
[Site "Uppsala"]
[Date "2020.10.24"]
[Round "3.5"]
[White "Sorensen, Hampus"]
[Black "Falkevall, Axel"]
[Result "1-0"]
[WhiteElo "2393"]
[BlackElo "2121"]
[Annotator "TA"]
[PlyCount "77"]
[EventDate "2020.10.23"]
[EventType "swiss"]
[EventCountry "SWE"]
[SourceTitle "playchess.com"]
[Source "ChessBase"]
[SourceQuality "1"]

{[%evp 10,77,0,0,1,8,6,6,2,-7,48,34,62,58,91,88,101,52,66,54,49,49,62,46,47,57,56,-17,0,14,53,56,82,65,83,80,82,61,73,58,183,156,166,136,166,152,264,160,261,-3,447,470,633,270,1269,1260,1097,968,947,929,2437,2355,29983,1153,2002,1916,29989,29990,29990,29991]} 1. d4 Nf6 2. c4 e6 3. Nf3 b6 4. a3 Bb7 5. Bf4 Be7 6. Nc3 O-O {E12: Queen's Indian: Unusual White 4th moves, 4 a3, 4 Nc3 Bb7 5 a3 and 4 Nc3 Bb7 .} 7. d5 d6 {[#]} 8. g3 $146 ({Predecessor:} 8. e4 e5 9. Bd2 Ne8 10. Bd3 Nd7 11. b4 g6 12. Bh6 Ng7 13. Qc2 a5 14. O-O {1-0 (31) Parligras,M (2645)-Nastase,R (2296) Bucharest 2018}) 8... e5 {The position is equal.} 9. Bd2 Ne8 (9... b5 $11) 10. e4 $14 Bc8 11. Bg2 Nd7 12. O-O g6 13. h4 Ng7 14. Bh6 Nf6 15. Nh2 Kh8 16. Qd3 Ng8 17. Bd2 f5 18. f4 ({White should try} 18. Nf3 $14) 18... Bf6 19. Nf3 $36 {[%mdl 2048] White has the initiative.} exf4 20. Bxf4 Nh5 21. e5 Nxf4 22. gxf4 Bg7 23. Nb5 Bd7 24. Nbd4 h6 (24... dxe5 $14 25. fxe5 Nh6) 25. Rac1 Ne7 26. Rc2 a6 27. Rfc1 Re8 (27... Rb8 $16 28. Rd2 Rg8) 28. h5 {Threatens to win with e6.} gxh5 (28... Rg8 $16 29. hxg6 Qf8) 29. Nh4 $2 (29. e6 $18) 29... Kg8 $2 {[%mdl 8192]} (29... dxe5 $11 30. fxe5 Bxe5) 30. e6 $18 Bc8 31. Bh1 (31. Ndxf5 $142 Nxf5 32. Nxf5) 31... b5 $2 (31... Bxd4+ 32. Qxd4 Kh7) 32. Rg2 Kh8 33. Ndxf5 Nxf5 34. Nxf5 Rg8 35. Nxg7 {Intending Qg6! and mate.} Rxg7 {[#]} 36. Qc3 $1 {[%mdl 512]} Qe7 37. f5 Kg8 {[#]} 38. f6 $1 {[%mdl 576] Double Attack} Rxg2+ 39. Bxg2 {Av CentiPawn Loss W=-69/B=-179. Weighted=-96/-220} 1-0

[Event "7th Uppsala Young Champions"]
[Site "Uppsala"]
[Date "2020.10.24"]
[Round "3.6"]
[White "Blohberger, Felix"]
[Black "Brozka, Karel"]
[Result "1-0"]
[WhiteElo "2467"]
[BlackElo "2216"]
[Annotator "TA"]
[PlyCount "93"]
[EventDate "2020.10.23"]
[EventType "swiss"]
[EventCountry "SWE"]
[SourceTitle "playchess.com"]
[Source "ChessBase"]
[SourceQuality "1"]

{[%evp 22,93,37,25,21,26,29,20,55,46,66,52,42,69,62,35,14,37,66,10,41,-227,-227,-178,-177,-168,-203,-172,-67,-75,-45,-56,-68,-110,-76,-116,-34,-58,-40,-162,-158,-151,-166,-158,-158,-200,-212,-200,-209,-202,-198,-167,-28,-29,-37,-85,0,-30,0,0,4,10,498,527,29986,29987,29987,29988,29988,12844,12841,12840,29997,29998]} 1. c4 Nf6 2. Nc3 g6 3. e4 d6 4. d4 Bg7 5. Be2 Nbd7 6. Nf3 O-O 7. Be3 e5 8. d5 a5 9. Nd2 Ne8 10. O-O Nc5 11. b3 {[%cal Bb2b3,Bb3b4][%mdl 32]} f5 12. f3 f4 {E93: King's Indian: Classical: Petrosian System with 7...Nbd7.} 13. Bf2 {[#]} Qg5 $146 {Strongly threatening ...Bh3!} ({Predecessor:} 13... g5 14. a3 h5 15. Kh1 Rf6 16. b4 axb4 17. axb4 Rxa1 18. Qxa1 Na6 19. c5 Nxb4 20. Qa4 dxc5 {½-½ (95) Tabatabaei,M (2481)-Jumabayev,R (2613) Warsaw 2016}) 14. Kh1 Qh5 {The position is equal.} 15. a3 g5 16. b4 Nd7 $1 17. c5 Rf6 18. cxd6 Rh6 {[%csl Gh6][%cal Rh5h2]} 19. Bg1 $1 cxd6 20. Nc4 (20. Qe1 $14) 20... Qg6 $1 $11 21. Nb5 $2 {[%mdl 8192]} (21. bxa5 $14 {keeps the upper hand.} Ndf6 22. Qe1) 21... Ndf6 $1 $19 22. Qe1 (22. Ncxd6 Nh5) 22... g4 $1 {[%cal Rg4g3][%mdl 64] Overworked Piece} 23. fxg4 (23. Nbxd6 Nh5 $15) (23. bxa5 $2 g3 $19) (23. Ncxd6 Nh5 $11) 23... Nxe4 {...Ng3+ is the strong threat.} 24. Bd3 {[#]} Nf2+ (24... Bf5 $1 $19 {[%mdl 512] Threatens to win with ...Ng3+.} 25. Bxe4 (25. gxf5 Ng3+) 25... Bxe4) 25. Qxf2 Qxd3 {[%mdl 64] Double Attack} 26. g5 Rg6 27. Rac1 Bg4 $36 {[%mdl 2048] Black is on the roll.} (27... Qxd5 $2 28. Nc7 $1 $18 {[%mdl 512]}) (27... Rxg5 $6 28. Rc3 $11) 28. h3 Bh5 ({Weaker is} 28... Qxd5 29. Nc7 $1 $16 {[%mdl 512]}) (28... Be2 $17 29. Rfe1 f3) 29. Rc3 $1 $15 {[%cal Rc3d3]} Qe2 30. Re1 ({Better is} 30. bxa5 $15 Rxg5 31. Qxe2 Bxe2 32. Re1 Bxc4 33. Rxc4) 30... Qxf2 $19 31. Bxf2 {[#]} axb4 $1 ({Don't take} 31... Rxg5 32. Ncxd6 Nxd6 33. Nxd6 $15) 32. axb4 Ra2 ({Don't do} 32... Rxg5 33. Nbxd6 Nxd6 34. Nxd6 $15) 33. Bh4 h6 34. g4 {[#]} fxg3 $1 35. Rxg3 hxg5 36. Bxg5 Bf6 (36... Be2 $19 37. Rc1 Nf6) 37. h4 $11 Bxg5 38. hxg5 Be2 ({Black should try} 38... Rf2 $17) 39. Rc1 (39. Nxe5 $5 dxe5 40. Nc3 $11 {[%mdl 64] Double Attack}) 39... Bxc4 40. Rxc4 {And now Rc8 would win.} Rd2 41. Rc8 Kf8 $2 {[%mdl 8192]} (41... Kf7 $11) 42. Nc7 $18 Rc2 43. Rf3+ Kg8 44. Rxe8+ Kh7 45. Rh3+ (45. Ne6 $142 Rc1+ 46. Kh2 Rxe6 47. dxe6 e4 48. Rf7+ {[%mdl 64] Double Attack} Kg6 49. Rg8+ Kh5 50. e7) 45... Kg7 46. Ne6+ Kf7 47. Rf8+ {A wild game. Av CentiPawn Loss W=-44/B=-85. Weighted=-42/-47} 1-0

[Event "7th Uppsala Young Champions"]
[Site "Uppsala"]
[Date "2020.10.24"]
[Round "3.7"]
[White "Soderstrom, Adrian"]
[Black "Seo, Jung Min"]
[Result "1/2-1/2"]
[WhiteElo "2168"]
[BlackElo "2455"]
[Annotator "TA"]
[PlyCount "59"]
[EventDate "2020.10.23"]
[EventType "swiss"]
[EventCountry "SWE"]
[SourceTitle "playchess.com"]
[Source "ChessBase"]
[SourceQuality "1"]

{[%evp 11,59,25,29,7,26,15,27,-6,0,-45,-42,-32,-11,-33,-29,-21,-25,-32,-7,-43,-17,-35,-12,-18,-20,-21,-14,-7,-8,-16,0,0,0,-47,0,0,0,0,0,6,0,0,143,143,143,106,106,108,104,106]} 1. d4 e6 2. c4 f5 3. g3 Nf6 4. Bg2 Bb4+ 5. Bd2 Be7 6. Nc3 O-O 7. Nh3 {A90: Dutch Defence: Miscellaneous and Modern Stonewall (with ...Bd6).} d6 8. O-O e5 9. dxe5 {White has an edge.} dxe5 10. Bg5 c6 {[#]} 11. Qxd8 $146 ({Predecessor:} 11. Qc2 Qe8 12. Rad1 f4 13. Bxf6 Bxf6 14. Kh1 Qh5 15. Ng1 Na6 16. Ne4 Be7 17. Nd6 Bxd6 18. Rxd6 {½-½ (33) Muendle,K (1863)-Psaila,C (2063) Saint Peter Port 2015}) 11... Bxd8 12. Rad1 Be6 13. b3 h6 14. Bc1 Be7 15. Kh1 Nbd7 16. Ng1 e4 17. f3 Bb4 18. Bb2 {[%cal Rf3e4]} Nc5 19. Nh3 Rad8 20. Nf2 e3 21. Rxd8 $1 Rxd8 22. Rd1 $1 {[%cal Rd1d8]} Re8 (22... Rd2 $15 23. Rxd2 exd2) 23. Nd3 $11 Nxd3 24. Rxd3 f4 25. gxf4 Bf5 26. Ne4 Nxe4 (26... Nh5 $1 $11 {remains equal.}) 27. fxe4 $16 Bxe4 28. Bxe4 Rxe4 29. Rd4 Re7 30. Kg2 {Av CentiPawn Loss W=-12/B=-10. Weighted=-13/-12} 1/2-1/2